The safe installation and use of abrasive wheels. (Record no. 36477)
[ view plain ]
| 000 -LEADER | |
|---|---|
| fixed length control field | 01459cam a22003491 4500 |
| 001 - CONTROL NUMBER | |
| control field | l 44000206 |
| 003 - CONTROL NUMBER IDENTIFIER | |
| control field | DLC |
| 005 - DATE AND TIME OF LATEST TRANSACTION | |
| control field | 20260227111539.0 |
| 008 - FIXED-LENGTH DATA ELEMENTS--GENERAL INFORMATION | |
| fixed length control field | 800312s1944 quca 000 0 eng c |
| 010 ## - LIBRARY OF CONGRESS CONTROL NUMBER | |
| LC control number | l 44000206 |
| 035 ## - SYSTEM CONTROL NUMBER | |
| System control number | (OCoLC)6073278 |
| 040 ## - CATALOGING SOURCE | |
| Original cataloging agency | U.S. Dept. of labor. Libr. |
| Transcribing agency | OCl |
| Modifying agency | DLC |
| 042 ## - AUTHENTICATION CODE | |
| Authentication code | premarc |
| 050 00 - LIBRARY OF CONGRESS CALL NUMBER | |
| Classification number | HD4813 |
| Item number | .I4 Ser. F, 2d sect., no. 9 |
| 082 ## - DEWEY DECIMAL CLASSIFICATION NUMBER | |
| Classification number | 331.823082 s |
| 100 1# - MAIN ENTRY--PERSONAL NAME | |
| Personal name | Taylor, George Stevenson, |
| Dates associated with a name | 1879- |
| 245 14 - TITLE STATEMENT | |
| Title | The safe installation and use of abrasive wheels. |
| 260 ## - PUBLICATION, DISTRIBUTION, ETC. | |
| Place of publication, distribution, etc. | Montreal, |
| Date of publication, distribution, etc. | 1944. |
| 300 ## - PHYSICAL DESCRIPTION | |
| Extent | 1 p. l., iv. p., 1 l., 175 p. incl. illus., tables, diagrs. |
| Dimensions | 24 cm. |
| 490 0# - SERIES STATEMENT | |
| Series statement | International labor office. Studies and reports. Series F, second section (Safety) |
| Volume/sequential designation | no. 9 |
| 500 ## - GENERAL NOTE | |
| General note | At head of title: International labour office. |
| 500 ## - GENERAL NOTE | |
| General note | Prepared by G. Stevenson Taylor under the direction of the I. L. O. Correspondence committee on accident prevention. |
| 500 ## - GENERAL NOTE | |
| General note | Errata slip inserted. |
| 500 ## - GENERAL NOTE | |
| General note | "Analytical and experimental study of the conditions of resistance of abrasive wheels, by Dr. Vitaliano Colombo": p. [59]-68. |
| 500 ## - GENERAL NOTE | |
| General note | "The stresses in rotating disks, by Thos. H. Frost ... and K. F. Whitcomb": p. [69]-94. |
| 500 ## - GENERAL NOTE | |
| General note | "Safety regulations in various countries": p.[95]-175. |
| 650 #0 - SUBJECT ADDED ENTRY--TOPICAL TERM | |
| Topical term or geographic name entry element | Grinding and polishing. |
| 700 1# - ADDED ENTRY--PERSONAL NAME | |
| Personal name | Colombo, Vitaliano. |
| 700 1# - ADDED ENTRY--PERSONAL NAME | |
| Personal name | Frost, Thomas H. |
| 700 1# - ADDED ENTRY--PERSONAL NAME | |
| Personal name | Whitcomb, K. F. |
| 740 0# - ADDED ENTRY--UNCONTROLLED RELATED/ANALYTICAL TITLE | |
| Uncontrolled related/analytical title | Abrasive wheels. |
No items available.